Italian Food A-Z (Extra Difficult) - Statistics

General Stats
  • This quiz has been taken 82 times
  • The average score is 8 of 22
Answer Stats
Hint Answer % Correct
E Two-word phrase denoting the top grade of olive oil Extra virgin
72%
P Yeasty cake with candied fruit and raisins traditionally eaten on Christmas and New Year's Panettone
72%
M Fortified wine named after a Sicilian town Marsala
61%
Q Common pizza variety divided into four "seasons" Quattro Stagioni
57%
A Piedmontese city famous for white truffles Alba
52%
O Braised bone-in veal shank typically served with gremolata and polenta or risotto Ossobuco
52%
G Crystalline dessert similar to sorbet; lemon, espresso, and watermelon are common varieties Granita
51%
T Apulian snack crackers shaped like tiny bagels; sometimes sweet but usually salty Taralli
46%
F Mozzarella made from cow rather than buffalo milk that is the cheese typically used for Neapolitan pizza; also a common gelato flavour Fior di Latte
45%
S Internationally successful cookbook first published in 1950: The Silver _____ Spoon
43%
N Umbrian town known for cured pork, black truffles, and a creamy pasta dish Norcia
39%
U Word meaning "drunken" used to denote a dish prepared with a large amount of wine, or a cheese that has been flavoured with it Ubriaco
36%
C Teardrop-shaped southern cheese similar to Provolone Caciocavallo
31%
J Community that Rome has to thank for dishes like Baccalà alla Trasteverina and Carciofi alla ... Jews
30%
B Dried roe of tuna or mullet Bottarga
19%
I Roulade-like dish made with meat or fish Involtini
16%
K South-Tyrolean* dish that comes in many varieties including bread, cheese, spinach, and liver Knödel
16%
Z Roman pasta dish combining the ingredients of Carbonara and Amatriciana, plus sausage Zozzona
16%
V White wine grape cultivated especially in Sardinia, Tuscany, and Liguria Vermentino
15%
D Simplest of the three common red grape varietals of Piedmont Dolcetto
13%
L Florentine cow-stomach sandwich Lampredotto
13%
R Bean variety that gives Neapolitan coffee its intense aroma Robusta
12%
No matching quizzes found
Score Distribution
Percent of People with Each Score
Percentile by Number Answered
Your Score History
You have not taken this quiz